| 000 | 01217nac a22003257a 4500 | ||
|---|---|---|---|
| 001 | BR7805833 | ||
| 003 | BR-BrBNA | ||
| 005 | 20240105114312.0 | ||
| 008 | 230509b bl.|||m| |||| 00| 0 por d | ||
| 040 |
_aBR-BrBNA _bpor _cBiblioteca Nacional de Agricultura |
||
| 072 | _aP00; P20; F40 | ||
| 090 | _aP00 BR7805833 | ||
| 100 | 1 | _aMachado, E. de F. | |
| 110 | 1 |
_aInstituto Brasileiro de Desenvolvimento Florestal, Brasilia, DF. Coordenadoria de Planejamento _95735 |
|
| 245 | 1 |
_aDiagnostico do subsistema de conservacao e preservacao de recursos naturais renovaveis. Diagnostico do subsetor florestal do Brasil [Parque nacional; Ecossistema; Fauna; Flora] _bSubsidios aos estudos perspectivos para o periodo de 1979 a 1985 |
|
| 260 | 3 |
_aBrasilia, DF (Brasil): _c1978. |
|
| 300 | _a138 p. | ||
| 490 |
_aColecao Desenvolvimento e Planejamento Florestal. Serie Estudos Perspectivos (Brazil) _v _x |
||
| 500 | _a24 tables | ||
| 650 | _aPARQUE NACIONAL | ||
| 650 | _aRESERVA BIOLOGICA | ||
| 650 | _aFLORESTA | ||
| 650 | _aVEGETACAO | ||
| 650 | _aFAUNA | ||
| 650 | _aFLORA | ||
| 650 | _aCONSERVACAO | ||
| 650 | _aECOSSISTEMA | ||
| 909 |
_a202312 _bLúcia Elande _c55 _dLúcia Elande |
||
| 942 |
_2AGRIS _n0 _cMS |
||
| 999 |
_c268557 _d268557 |
||